000 00353nam a2200145Ia 4500
008 191206s9999 xx 000 0 und d
020 _a0312045735 :
090 _aPR6057.R55
245 0 _aOver the sea to die
250 _a1st U.S. ed.
260 _aSt. Martin's
260 _cc1990
300 _a220 p. : 1 map ; 22 cm.
999 _c16633
_d16633